00307nam a2200121Ia 4500008004100000040001600041041001200057082001600069100001900085245003900104260003100143300001100174230917s9999||||xx |||||||||||||| ||und|| e38793aMAIN aEnglish a822.09 B56P aBlack, Michael 0aPoetic drama ab Mirror of the Will aLondonbVision Pressc1977 a203 p.